• 首页
  • 本馆介绍
  • 公告通知
  • 最新文献
  • 馆藏检索
  • 电子资源
  • 读者导购
  • 参考咨询
  • 我的图书馆
  • 登录
  • 详细信息显示
  • 放入我的书架
  • 预约/预借图书
  • 作者相关作品
  • 分类相关作品
  • 丛书相关作品
  • 出版社相关作品

书目信息

  • 表格格式
  • 工作单格式
  • 卡片格式
题名:
虚拟现实技术及应用研究
    
 
作者: 赵筱斌 著
分册:  
出版信息: 北京   中国水利水电出版社  2014
页数: 194页
开本: 24cm
丛书名:
单 册:
中图分类: TU17
科图分类:
主题词: 数字技术--应用--建筑学--研究
电子资源:
ISBN: 978-7-5170-1985-5
000 00971nam0 2200241 450
001 012015000338
005 20150911083350.03
010    @a978-7-5170-1985-5@dCNY38.00
100    @a20141209d2014 em y0chiy50 ea
101 0  @achi
102    @aCN@b110000
105    @aa z 000yy
106    @ar
200 1  @a虚拟现实技术及应用研究@Axu ni xian shi ji shu ji ying yong yan jiu@e在建筑行业中的应用@f赵筱斌著
210    @a北京@c中国水利水电出版社@d2014
215    @a194页@c图@d24cm
300    @a获浙江建设职业技术学院教师专著出版基金资助
330    @a本书对虚拟现实技术及应用进行了研究。主要内容包括虚拟现实技术的基本概念、特征、分类及研究现状等,虚拟现实系统的硬件设备,虚拟现实系统的关键技术,Web3D、全景与Cult3D等技术,VRML虚拟现实建模语言,虚拟现实技术在建筑行业中应用及前景分析等。
606 0  @a数字技术@x应用@x建筑学@x研究
690    @aTU17@v5
701  0 @a赵筱斌@Azhao xiao bin@f(1975-)@4著
801  0 @aCN@b碧洲教育@c20150716
905    @a10447@f4@dTU17@e670
    
    虚拟现实技术及应用研究:在建筑行业中的应用/赵筱斌著.-北京:中国水利水电出版社,2014
    194页:图;24cm
    获浙江建设职业技术学院教师专著出版基金资助
    
    ISBN 978-7-5170-1985-5:CNY38.00
    本书对虚拟现实技术及应用进行了研究。主要内容包括虚拟现实技术的基本概念、特征、分类及研究现状等,虚拟现实系统的硬件设备,虚拟现实系统的关键技术,Web3D、全景与Cult3D等技术,VRML虚拟现实建模语言,虚拟现实技术在建筑行业中应用及前景分析等。
●
相关链接 在E读中查询图书 在五车中查询图书 在当当中查询图书 在豆瓣中查询图书


正题名:虚拟现实技术及应用研究     索取号:TU17/670         预约/预借

序号 登录号 条形码 馆藏地/架位号 状态 备注
1 0849691   208496910   第二样本阅览室/ [索取号:TU17/670] 在馆    
2 0849692   208496929   第三借阅区/ [索取号:TU17/670] 在馆    
3 0849693   208496938   第三借阅区/ [索取号:TU17/670] 在馆    
4 0849694   208496947   第三借阅区/ [索取号:TU17/670] 在馆    
唐山师范学院图书馆 欢迎您!
大连网信软件有限公司© 版权所有